000 00490nmm a2200145Ia 4500
008 251105s9999||||xx |||||||||||||||||und||
041 _aspa
100 _aArriagada C., Eduardo
245 0 _aSácale partido a tu teléfono : 25 aplicaciones probadas para hacerte más fácil la vida
264 _a[Santiago de Chile, Chile] :
_bPatagonia,
_c2015
300 _a32 páginas
650 _aTechnology and computing
856 _uhttps://public.digitaliapublishing.com/a/38449
942 _cCF
999 _c105783
_d105783